<?xml version="1.0" encoding="UTF-8"?>
<marc:record xmlns:marc="http://www.loc.gov/MARC21/slim">
   <marc:leader>00000nam a2200000 a 4500</marc:leader>
   <marc:datafield ind1="1" ind2=" " tag="100">
      <marc:subfield code="a">Plötz, Kirsten</marc:subfield>
      <marc:subfield code="4">aut</marc:subfield>
      <marc:subfield code="e">Verfasser/-in</marc:subfield>
   </marc:datafield>
   <marc:datafield ind1=" " ind2=" " tag="653">
      <marc:subfield code="a">Lesbe</marc:subfield>
   </marc:datafield>
   <marc:datafield ind1=" " ind2=" " tag="653">
      <marc:subfield code="a">Alter</marc:subfield>
   </marc:datafield>
   <marc:datafield ind1=" " ind2=" " tag="653">
      <marc:subfield code="a">Soziale Situation</marc:subfield>
   </marc:datafield>
   <marc:datafield ind1=" " ind2=" " tag="653">
      <marc:subfield code="a">Zukunftserwartung</marc:subfield>
   </marc:datafield>
   <marc:datafield ind1=" " ind2=" " tag="653">
      <marc:subfield code="a">Interview</marc:subfield>
   </marc:datafield>
   <marc:datafield ind1=" " ind2=" " tag="653">
      <marc:subfield code="a">Softcover</marc:subfield>
   </marc:datafield>
   <marc:datafield ind1=" " ind2=" " tag="653">
      <marc:subfield code="a">Karte</marc:subfield>
   </marc:datafield>
   <marc:datafield ind1="0" ind2="0" tag="245">
      <marc:subfield code="a">Lesbische Alternativen</marc:subfield>
   </marc:datafield>
   <marc:datafield ind1="0" ind2="0" tag="245">
      <marc:subfield code="b">Alltagsleben, Erwartungen, Wünsche</marc:subfield>
   </marc:datafield>
   <marc:datafield ind1="0" ind2="0" tag="245">
      <marc:subfield code="c">Kirsten Plötz</marc:subfield>
   </marc:datafield>
   <marc:datafield ind1=" " ind2="1" tag="264">
      <marc:subfield code="a">Königstein/Taunus</marc:subfield>
      <marc:subfield code="b">Helmer</marc:subfield>
      <marc:subfield code="c">2006</marc:subfield>
   </marc:datafield>
   <marc:datafield ind1="1" ind2=" " tag="520">
      <marc:subfield code="a">Angaben aus der Verlagsmeldung

Lesbische ALTERnativen : Alltagsleben, Erwartungen, Wünsche / von Kirsten Plötz

Frau küsst Frau: In den Medien ist die Darstellung junger Lesben ›in‹. Ältere Frauen, die Frauen lieben, tauchen dagegen überhaupt nicht auf. Schließen sich ›Lesben‹ und ›Alter‹ aus? Oder altern Lesben anders?

Kirsten Plötz ist dieser Thematik auf den Grund gegangen. Ihre Interviews mit über 30 Frauen ab fünfundfünzig Jahren bilden eine große Bandbreite lesbischen Alltags und Alterns ab. Themen wie die ›Anerkennung als lesbisch lebende Frau‹, ›Materielle Möglichkeiten und deren Begrenzung‹ oder auch ›körperliches Erleben des Alterns‹ werden behutsam angesprochen und im Hinblick auf eine weitaus jüngere Vergleichsgruppe kommentiert.
Das Buch spiegelt aber nicht nur einen Querschnitt der lesbisch lebenden Bevölkerung, sondern weist im Anschluss auch auf Wünsche und auf Handlungsbedarf hin, um ›Alter‹ gerade für lesbisch lebende Frauen unkomplizierter zu gestalten.
Damit ist dieser auf dem Buchmarkt einzigartige Titel besonders für Einrichtungen wie Frauenwohnprojekte, Altenheime oder Frauenwohnstifte geeignet, sowie für alle jene, in deren Berufsfeld der Umgang mit älterenMenschen liegt.

Kirsten Plötz, Dr. phil., geb. 1964, ist Historikerin und lebt in Hannover. Sie arbeitete u.a. an mehreren Filmpro-duktionen mit, war zeitweise am Max-Planck-Institut für Geschichte in Göt-tingen beschäftigt und publizierte Bei-träge zur Geschlechtergeschichte.
</marc:subfield>
   </marc:datafield>
   <marc:datafield ind1=" " ind2=" " tag="020">
      <marc:subfield code="a">9783897411913</marc:subfield>
      <marc:subfield code="9">9783897411913</marc:subfield>
   </marc:datafield>
   <marc:datafield ind1=" " ind2=" " tag="020">
      <marc:subfield code="a">3897411911</marc:subfield>
      <marc:subfield code="9">3897411911</marc:subfield>
   </marc:datafield>
   <marc:datafield ind1=" " ind2=" " tag="041">
      <marc:subfield code="a">ger</marc:subfield>
   </marc:datafield>
   <marc:datafield ind1=" " ind2=" " tag="300">
      <marc:subfield code="a">256 S.</marc:subfield>
   </marc:datafield>
</marc:record>
